Statystyki dla Najpopularniejsze sieci fast-foodów

Kliknij tutaj aby rozwiązać quiz!

Ogólne statystyki

  • Ten quiz został rozwiązany 447 razy
  • Średni wynik to 7 z 11

Statystyki odpowiedzi

HintOdpowiedź% Poprawnych
Ich głównym daniem, to kubeł pełen kurczaków.KFC
99%
Ich głównym daniem jest BurgerBurger King
97%
Serwują pizzę. Ich logo to dwa domina.Domino's Pizza
95%
Serwuje w większości burgery i frytkiMcDonald's
93%
Serwują pizzę. Ich logo to biały kapelusz na czerwonym tle.Pizza Hut
90%
Są tam w większości kanapki oraz wrapySubway
81%
Serwują tam kawę.Starbucks
80%
Specjalizuje się w potrawach meksykańskich, i meksykańsko-teksańskich.Taco Bell
37%
Specjalizuje się w robieniu pączków, donutów, ciastek i kaw.Dunkin'
29%
Serwują w większości burgery.Wendy's
17%
Specjalizuje się w robieniu ciastek i kaw.Tim Hortons
1%

Rozkład punktacji

Percentyl według liczby udzielonych odpowiedzi

Procent ludzi z każdym wynikiem

Twoja historia wyników

Nie rozwiązałeś tego quizu